Central Library OPAC University of Rajshahi

Palestine and Morocco : (Record no. 28145)

MARC details
000 -LEADER
fixed length control field 00795cam a22002651 4500
001 - CONTROL NUMBER
control field 28145
003 - CONTROL NUMBER IDENTIFIER
rucl marc code BD-RjUL
005 - DATE AND TIME OF LATEST TRANSACTION
control field 20211209051238.0
008 - FIXED-LENGTH DATA ELEMENTS--GENERAL INFORMATION
fixed length control field 140329s1923 enkf 001 0 eng d
035 ## - SYSTEM CONTROL NUMBER
System control number (BD-RjUL)28226
System control number (OCoLC)2452460
040 ## - CATALOGING SOURCE
Original cataloging agency DLC
Transcribing agency UU
Modifying agency UU
-- OCoLC
-- DLC
-- BD-RjUL
Language of cataloging eng
041 ## - LANGUAGE CODE
Language code of text/sound track or separate title eng
082 00 - DEWEY DECIMAL CLASSIFICATION NUMBER
Classification number 964
Author mark and year COP 1923
100 1# - MAIN ENTRY--PERSONAL NAME
Personal name Conway, William Martin Conway,
Dates associated with a name 1856-1937.
9 (RLIN) 86244
245 10 - TITLE STATEMENT
Title Palestine and Morocco :
Remainder of title lands of the overlap /
Statement of responsibility, etc. by Sir Martin Conway ...
260 ## - PUBLICATION, DISTRIBUTION, ETC. (IMPRINT)
Place of publication, distribution, etc. London :
Name of publisher, distributor, etc. E. Arnold & Co.,
Date of publication, distribution, etc. 1923.
300 ## - PHYSICAL DESCRIPTION
Pagination vii, [1], 296 p. :
Illustrations ill. ;
Size 23 cm.
650 #0 - SUBJECT ADDED ENTRY--TOPICAL TERM
Topical term or geographic name as entry element Jews
General subdivision Restoration.
9 (RLIN) 84396
651 #0 - SUBJECT ADDED ENTRY--GEOGRAPHIC NAME
Geographic name Palestine.
9 (RLIN) 86245
Geographic name Morocco.
9 (RLIN) 86246
942 ## - ADDED ENTRY ELEMENTS (KOHA)
Source of classification or shelving scheme Dewey Decimal Classification
Koha item type Books
Holdings
Lost status Source of classification or shelving scheme Damaged status Not for loan Collection code Permanent Location Current Location Shelving location Date acquired Source of acquisition Cost, normal purchase price Total Checkouts Full call number Date last seen Copy number Koha item type
  Dewey Decimal Classification   Added to bundle Non-fiction Central Library, University of Rajshahi Central Library, University of Rajshahi Reading Room 08/11/1966 Q.I . Qurashi 19.20   964 COP 1923 29/03/2014 C-1 Books